Rapid growth in NICs in Asia: tests of new growth theory for Korea.
Empirické zhodnotenie dopadu niektorých kľúčových faktorov vo fenomenálnom raste Kórey za posledné roky. Hodnotenie vychádza z novej teórie rastu, ktorá vznikla za posledných šesť rokov. Konfrontácia empirických údajov s princípmi novej teórie ukazuje na jej udržateľnosť a uplatniteľnosť.
Saved in:
| Main Author: | |
|---|---|
| Format: | Book Chapter |
| Language: | English |
| Subjects: | |
| Tags: |
No Tags, Be the first to tag this record!
|
MARC
| LEADER | 00000naa a2200000 4500 | ||
|---|---|---|---|
| 001 | r006898 | ||
| 005 | 20221130103609.3 | ||
| 041 | 0 | |a eng | |
| 044 | |a CH | ||
| 245 | 1 | 0 | |a Rapid growth in NICs in Asia: tests of new growth theory for Korea. |c J.K. Sengupta |
| 520 | |a Empirické zhodnotenie dopadu niektorých kľúčových faktorov vo fenomenálnom raste Kórey za posledné roky. Hodnotenie vychádza z novej teórie rastu, ktorá vznikla za posledných šesť rokov. Konfrontácia empirických údajov s princípmi novej teórie ukazuje na jej udržateľnosť a uplatniteľnosť. | ||
| 610 | 2 | 0 | |a industrializácia |
| 610 | 2 | 0 | |a Ázia |
| 610 | 2 | 0 | |a Južná Kórea |
| 610 | 2 | 0 | |a teórie rastu hospodárskeho |
| 100 | 1 | |a Sengupta, J.K. | |